000 00686nam a22001937a 4500
999 _c183766
_d183766
005 20220104115552.0
010 _aENG-130898
020 _a978-93-86473-71-4
_c995.00
035 _aEN-114430
037 _bDBAD
082 _a230.1
100 _aParthasarathy, Indira
245 _aRamayana
_cIndira Parthasarathy, Edited by C T Indira & Prema Jagannathan
_bA Comparative Study of Ramkathas
_hEng
260 _aNew Delhi
_bRenu Kaul Verma
_c2022
270 _bNew Delhi
_e110002
_a2/15, Ansari Road, Daryaganj
_minfo@vitastapublishing.com
300 _axix, 388p
_c22cm(pbk)
700 _aTranslated by C T Indra & Prema Jagannathan
942 _2ddc
_cEN
_h230.1
_mPAR